| 000 | 00502nam a2200157Ia 4500 | ||
|---|---|---|---|
| 999 |
_c11351 _d11351 |
||
| 082 | _aRR 005.7525 UNE-; | ||
| 245 | 0 | _aCDS/ISIS for windows: reference manual (version 1.31) | |
| 260 |
_as.l. _bUnesco _c1998 |
||
| 300 | _a129p. | ||
| 504 | _aref | ||
| 650 | _aOperating systems (Computers) | ||
| 650 | _aWindows (Computer programs) | ||
| 650 | _aComputer programs | ||
| 710 | _aUnesco. Division of Infromation and Informatics. Sector of Communication, Information and Informatics | ||
| 942 |
_cBK _2ddc |
||